[Event "38th IND-chT 2018"]
[Site "Patia"]
[Date "2018.02.08"]
[Round "1"]
[White "Adhiban, B.."]
[Black "Chudasama Ankit"]
[Result "1-0"]
[WhiteElo "2643"]
[BlackElo "1775"]
[Annotator "TA"]
[PlyCount "51"]
[EventDate "2018.??.??"]
[EventType "team-tourn"]
[EventCountry "IND"]
[SourceTitle "playchess.com"]
[Source "ChessBase"]
[SourceQuality "1"]

{[%evp 20,51,-8,-10,12,0,18,-21,0,0,-1,-25,56,9,31,4,44,31,224,220,357,340,513,439,939,887,863,693,29990,660,29991,29992,29992,29993]} 1. d4 d5 2. c4 e6 3. Nc3 Nf6 4. cxd5 exd5 5. Bg5 Be7 6. e3 c6 7. Bd3 Nbd7 8. Nf3 h6 9. Bf4 Nh5 {D35: Queen's Gambit Declined: Exchange Variation} 10. Qc2 Nxf4 11. exf4 {LiveBook: 4 Games} Nf6 {The position is equal.} 12. h3 (12. O-O O-O 13. Rfe1 c5 14. dxc5 Bxc5 15. Ne5 Be6 16. f5 Bd7 17. Nxd5 Rc8 18. Nxf6+ gxf6 {1-0 (57) Wang,H (2705)-Zhou,W (2646) Zaozhuang 2015}) 12... O-O 13. O-O-O c5 14. dxc5 $1 Bxc5 15. Kb1 Qa5 $146 (15... Be6 $11) ({Predecessor:} 15... Qc7 16. Ne5 Bd4 17. Rhe1 Re8 18. Qd2 Bxc3 19. Qxc3 Qxc3 20. bxc3 {½-½ (47) Johansen,D (2471)-Zvedeniouk,I (2168) Canberra 2005}) 16. g4 {[%cal Bg2g4,Bg4g5,Bg5f6][%mdl 32] aiming for g5.} (16. Nxd5 $5 Nxd5 17. Bh7+ Kh8 18. Rxd5 $14) 16... Bb4 17. Nd4 $36 {[%mdl 2048] White is pushing.} Bd7 18. Nb3 Qc7 $2 {[#]} (18... Qb6 $14) 19. g5 $1 $18 {[%cal Rg5f6]} ({Worse is} 19. Nxd5 Qxc2+ 20. Bxc2 Nxd5 $17) 19... Bxc3 (19... Nh5 $142) 20. gxf6 ({And not} 20. bxc3 hxg5 21. fxg5 Ne4 $15) (20. Qxc3 Qxc3 21. bxc3 hxg5 $11) 20... Ba5 (20... Qxf4 $142 21. Qxc3 g6) 21. Nxa5 {White threatens Bh7+ and mate.} Qxa5 (21... Qxf4 $142 22. fxg7 Rfc8) 22. Rhg1 {White wants to mate with Bh7+.} g6 23. Bxg6 Ba4 24. Bd3+ Kh8 25. Rg7 Bxc2+ 26. Bxc2 {Precision: White = 50%, Black = 22%.} 1-0

[Event "38th IND-chT 2018"]
[Site "Patia"]
[Date "2018.02.08"]
[Round "1"]
[White "Narayanan.S.L"]
[Black "Nagesh I V"]
[Result "1-0"]
[WhiteElo "2573"]
[BlackElo "1552"]
[Annotator "TA"]
[PlyCount "83"]
[EventDate "2018.??.??"]
[EventType "team-tourn"]
[EventCountry "IND"]
[SourceTitle "playchess.com"]
[Source "ChessBase"]
[SourceQuality "1"]

{[%evp 9,83,32,62,33,25,22,15,18,22,27,35,24,23,28,28,31,22,15,41,40,31,32,63,66,251,238,247,248,222,245,258,252,320,323,325,326,337,335,335,339,334,324,327,316,400,394,437,429,549,511,594,610,604,601,581,568,685,673,637,589,687,685,647,639,29979,12837,29985,1517,29986,29987,29987,29988,29988,29989,29989,29990]} 1. d4 Nf6 2. c4 e6 3. Nc3 Bb4 4. Qc2 Nc6 5. Nf3 Qe7 {LiveBook: 23 Games} 6. Bg5 {E33: Nimzo-Indian: Classical: 4...Nc6} (6. Bd2 O-O 7. e3 d6 8. a3 Bxc3 9. Bxc3 e5 10. d5 Nb8 11. Nd2 a5 12. b3 c6 13. e4 Nbd7 14. Be2 Nc5 15. b4 axb4 16. axb4 Rxa1+ 17. Bxa1 Na6 {½-½ (26) Vishnu,P (2505)-Lalith,B (2570) Chennai 2013}) 6... h6 7. Bxf6 Qxf6 8. e3 {The position is equal.} d6 9. Bd3 O-O $146 ({Predecessor:} 9... e5 10. d5 Bxc3+ 11. Qxc3 Nb8 12. O-O a5 13. c5 O-O 14. cxd6 cxd6 {0-1 (40) Samani,S-Partac,E (2220) Oropesa del Mar 2000}) 10. O-O {aiming for Ne2.} Bxc3 11. Qxc3 e5 12. d5 Nb8 13. c5 Qe7 {[#] Strongly threatening ...e4.} 14. cxd6 cxd6 {Hoping for ...e4.} 15. Nd2 $36 {[%mdl 2048] White is pushing.} f5 16. Rac1 {Threatens to win with Qxc8.} b6 $2 (16... Qd8 $14) 17. Qxc8 $1 $18 e4 18. Bxe4 $1 fxe4 19. Qg4 Na6 20. Qxe4 Rae8 21. Qxe7 Rxe7 22. a3 Nc5 23. b4 Nd3 24. Rc3 Ne5 25. f3 g5 26. Ne4 Nf7 27. Ng3 Re5 28. e4 Kh7 29. Rc7 a5 30. bxa5 bxa5 31. Rb1 Kg6 32. Rbb7 h5 33. Nf5 g4 34. Rd7 gxf3 35. gxf3 Kf6 36. Kf2 Nd8 37. Rxd6+ Kg5 38. Rg7+ Kf4 39. Nh4 {[%cal Rh4g2] White mates.} Rg5 40. Rxg5 Kxg5 41. Kg3 {[%csl Gh4][%cal Rd6g6]} Rf6 42. f4+ {Precision: White = 93%, Black = 37%.} 1-0

[Event "38th IND-chT 2018"]
[Site "Patia"]
[Date "2018.02.08"]
[Round "1"]
[White "Sengupta, Deep"]
[Black "Anadkat Kartavya"]
[Result "1-0"]
[WhiteElo "2572"]
[BlackElo "1890"]
[Annotator "TA"]
[PlyCount "101"]
[EventDate "2018.??.??"]
[EventType "team-tourn"]
[EventCountry "IND"]
[SourceTitle "playchess.com"]
[Source "ChessBase"]
[SourceQuality "1"]

{[%evp 17,101,50,40,26,53,37,37,31,31,31,37,36,34,19,27,0,0,0,27,24,58,54,55,62,59,53,62,66,52,62,58,31,33,18,35,11,0,0,0,8,37,46,45,0,0,0,29,27,44,42,46,0,0,0,33,0,253,206,256,150,225,224,843,796,881,858,845,844,1594,537,533,481,471,444,841,841,826,834,813,797,971,954,29977,29978,29977,29973]} 1. e4 e5 2. Nf3 Nc6 3. Nc3 Nf6 4. Bb5 d6 5. d4 Bd7 6. O-O exd4 7. Nxd4 Be7 8. Nxc6 bxc6 9. Bd3 O-O 10. h3 {C66: Ruy Lopez: Steinitz Defence} (10. f4 Re8 11. b3 d5 12. e5 Bc5+ 13. Kh1 Ng4 14. Qe1 Bd4 15. h3 Re6 16. Rb1 Rh6 17. Ne2 Bb6 18. f5 Qh4 19. Bxh6 Qxh6 20. Qg3 Ne3 21. Rf4 g6 22. e6 fxe6 23. fxg6 e5 24. gxh7+ Kh8 25. Rf7 {1-0 (25) Bellahcene,B (2481)-Duboue,P (2403) Agen 2017}) 10... c5 11. Bf4 Bc6 12. Re1 $146 {White is slightly better.} ({Find the theoretical novelty and annotate with similar games:} 12. e5 dxe5 13. Bxe5 Bd6 14. Bxf6 Qxf6 15. Qg4 Rab8 16. Ne4 Bxe4 17. Qxe4 g6 18. b3 Rfe8 19. Qa4 Qe5 20. g3 Rb4 21. Qc6 Rb6 22. Qa4 Rb4 {½-½ (22) Letov,P (2158)-Golovankov,V (2298) St Petersburg 2009}) 12... Nd7 13. Qd2 Bf6 14. Rad1 Ne5 15. Bf1 Re8 16. Bg3 Ng6 17. Bd3 Rb8 18. b3 Rb4 19. Nd5 Bxd5 20. exd5 Ne5 21. Bf1 Rd4 22. Qa5 Rxd1 23. Rxd1 Qb8 24. Bb5 Re7 25. a4 h5 26. Qd2 Qc8 27. f4 Ng6 {[%cal Be5g6,Bg6h4,Bh4f5,Bf5g3][%mdl 32]} 28. Bd3 Nh4 29. Bf2 g6 30. b4 cxb4 31. Qxb4 Nf5 (31... c5 {NOTEXT} 32. dxc6 Qxc6 33. Bxh4 Bxh4 34. f5 g5) 32. Qd2 Kg7 33. a5 h4 34. Re1 Rxe1+ 35. Qxe1 Ng3 36. Qb4 Qe8 $2 {[%mdl 8192] [#]} (36... Qa8 $11 {and Black has nothing to worry.}) 37. a6 Ne2+ 38. Kh1 ({White should play} 38. Kh2 $18) 38... Ng3+ (38... Qe7 $16 {was necessary.} 39. Kh2 (39. Bxa7 $2 c5 $19) 39... Nc3) 39. Kh2 $18 g5 $2 (39... Qd7 40. Qa5 (40. Bxa7 c5 $15) 40... Nh5) 40. Bxa7 gxf4 41. Bf2 Qe5 42. a7 f3 43. Kg1 (43. Qg4+ $142 Qg5 44. Qxg5+ Bxg5 45. gxf3) 43... Qa1+ 44. Qe1 Qa4 {and the idea ...Bd4 leaves Black hopeful.} 45. Bb5 Qxb5 (45... Qa3 $142 46. Bd3 Ne2+ 47. Bxe2 fxe2 48. Qxe2 Qa1+ 49. Qf1 Qa3) 46. a8=Q Ne2+ 47. Kh1 {[%cal Bg1h1,Bh1g2,Bg2f3][%mdl 32]} fxg2+ 48. Kxg2 Qc4 49. Kf3 Qxc2 50. Qxe2 Qf5+ 51. Kg2 {Precision: White = 56%, Black = 46%.} 1-0

[Event "38th IND-chT 2018"]
[Site "Patia"]
[Date "2018.02.08"]
[Round "1"]
[White "Thejkumar, M. S."]
[Black "Priansh Das"]
[Result "1-0"]
[WhiteElo "2500"]
[BlackElo "1576"]
[Annotator "TA"]
[PlyCount "67"]
[EventDate "2018.??.??"]
[EventType "team-tourn"]
[EventCountry "IND"]
[SourceTitle "playchess.com"]
[Source "ChessBase"]
[SourceQuality "1"]

{[%evp 15,67,18,45,47,104,79,82,77,87,85,165,157,171,154,281,279,269,284,280,272,427,435,533,525,515,515,504,478,486,483,453,483,470,395,385,375,378,383,479,496,479,442,479,485,483,490,479,483,550,545,549,531,812,805]} 1. d4 Nf6 2. c4 d6 3. Nc3 g6 4. e4 Bg7 5. Be2 O-O 6. Bg5 c6 7. Qd2 Nbd7 8. Nf3 Qc7 9. O-O {E73: King's Indian: Averbakh Variation without 6...c5} c5 $146 (9... e5 $14) ({Predecessor:} 9... e5 10. d5 c5 {½-½ (10) Fogarasi,T (2431)-Naroditsky,D (2403) Kecskemet 2010}) 10. Rac1 cxd4 11. Nxd4 {White is better.} Nc5 12. f3 Be6 (12... Qd8 $16 {keeps fighting.}) 13. b4 $18 Ncd7 14. Ncb5 {[%cal Bc3b5,Bb5d4,Bd4e6][%mdl 32]} Qb6 (14... Qc8 $16 15. Rfd1 a6) 15. Be3 Qd8 16. Nxe6 fxe6 17. Nd4 ({Don't take} 17. Nxa7 $6 Qe8 $18) 17... Rf7 (17... Kf7 $142 18. c5 Ne5 19. cxd6 exd6) 18. Nxe6 Qc8 19. c5 dxc5 20. Ng5 Rf8 21. Bc4+ Kh8 22. Nf7+ Rxf7 23. Bxf7 b6 24. bxc5 Nxc5 25. e5 Nfd7 26. Be6 Qc7 27. Bxd7 {White is clearly winning.} Qxd7 28. Qxd7 Nxd7 29. f4 g5 30. g3 {[%cal Bg2g3,Bg3f4][%mdl 32]} gxf4 31. gxf4 Rg8 32. Kf2 Rf8 33. Ke2 a6 34. Rc7 {Precision: White = 72%, Black = 31%.} 1-0

[Event "38th IND-chT 2018"]
[Site "Patia"]
[Date "2018.02.08"]
[Round "1"]
[White "Visakh N R"]
[Black "Dony K V"]
[Result "1-0"]
[WhiteElo "2457"]
[BlackElo "1744"]
[Annotator "TA"]
[PlyCount "99"]
[EventDate "2018.??.??"]
[EventType "team-tourn"]
[EventCountry "IND"]
[SourceTitle "playchess.com"]
[Source "ChessBase"]
[SourceQuality "1"]

{[%evp 24,99,62,75,91,54,75,51,60,43,49,50,57,43,44,42,42,39,36,36,41,25,36,26,35,40,40,9,17,0,0,-47,-19,-47,-40,-41,82,82,82,82,82,82,96,49,82,82,82,-44,-66,-151,-129,-158,0,-97,203,194,197,180,179,166,185,69,61,56,350,345,259,154,148,0,74,62,184,83,29993,29994,29994,29995]} 1. c4 Nf6 2. Nc3 g6 3. d4 {[%cal Bd2d4,Bd4d5][%mdl 32]} Bg7 4. e4 d6 5. f3 O-O 6. Be3 e5 7. Nge2 Nc6 8. d5 Ne7 9. g4 Ne8 10. Qd2 f5 11. gxf5 gxf5 12. O-O-O f4 {E85: King's Indian: Sämisch: 6...e5} (12... Nf6 13. h3 Ng6 14. Rg1 f4 15. Bf2 Nh5 16. Kb1 b6 17. b4 a5 18. a3 axb4 19. axb4 Bd7 20. c5 bxc5 21. bxc5 {0-1 (49) Gheorghiu,C (2349)-Nemeth,F (2452) Mamaia 2015}) 13. Bf2 {LiveBook: 5 Games} Nf6 14. h4 Nh5 {White is slightly better.} 15. Kb1 $146 Ng6 16. Bh3 Bxh3 17. Rxh3 Bf6 18. Rg1 Kh8 19. Nc1 Qd7 20. Rhh1 Rf7 21. Qd1 b6 22. Nd3 a5 23. a3 Qe7 24. Rg4 Rg8 25. Ne2 Rfg7 26. b4 axb4 27. Nxb4 Qd7 28. Rhg1 Nf8 {[%cal Rg7g4]} 29. Nc3 Rxg4 (29... Ng3 $15 {keeps the upper hand.} 30. Bxg3 fxg3) 30. fxg4 $16 Ng7 31. g5 Bd8 32. Nc6 Ng6 33. h5 Ne7 34. Nxd8 Rxd8 35. g6 (35. Qf3 $1 $16) 35... Qh3 $15 36. Nb5 (36. h6 $1 $15 Qxh6 37. gxh7) 36... h6 $1 $17 ({And not} 36... Qxh5 37. Qxh5 Nxh5 38. Nxc7 $11) 37. Kb2 Ra8 $2 ({Black should play} 37... Rd7 $1 $17 38. Rh1 Qg2) 38. a4 (38. Qb3 $11 {keeps the balance.} Qxh5 39. Nxc7) 38... Qh2 $2 {[%mdl 8192]} (38... Ne8 $1 $17) 39. Qf3 $1 $18 Qxh5 40. Qxh5 Nxh5 41. Nxc7 Rxa4 {[#]} 42. Kb3 ({Only move:} 42. Ne8 $1 $18) 42... Ra7 $14 43. Ne8 $1 {[%cal Re8d6][%mdl 1024] White has compensation.} Rd7 $2 {[%mdl 8192]} ({Black should try} 43... Nc8 $14) 44. Rh1 $18 Rd8 45. Nc7 (45. Nxd6 $18 {aiming for Nf7+.} Rxd6 46. Rxh5) 45... Nf6 $16 46. Bh4 (46. Ne6 $16 Re8 47. Rxh6+ Kg8 48. g7 (48. Bxb6 $2 Rb8 $19)) 46... Neg8 (46... Nxe4 $11 47. Bxe7 Rd7 48. Rxh6+ Kg7 49. Ne6+ Kxh6) 47. Ne6 Rb8 {[#]} (47... Ra8 $14) 48. Rg1 (48. Ra1 $1 $18 {[%cal Ra1a7] is the precise move to win. White threatens Ra7 and mate.} Nxe4 49. Ra7) 48... Nxe4 $2 {[%mdl 8192]} (48... Nd7 $16) 49. g7+ Kh7 50. Nf8+ {Precision: White = 27%, Black = 40%.} 1-0

[Event "38th IND-chT 2018"]
[Site "Patia"]
[Date "2018.02.08"]
[Round "1"]
[White "Trivedi Karan R"]
[Black "Ganguly, Surya Shekhar"]
[Result "1/2-1/2"]
[WhiteElo "1880"]
[BlackElo "2650"]
[Annotator "TA"]
[PlyCount "146"]
[EventDate "2018.??.??"]
[EventType "team-tourn"]
[EventCountry "IND"]
[SourceTitle "playchess.com"]
[Source "ChessBase"]
[SourceQuality "1"]

{[%evp 33,145,43,43,0,0,0,0,-50,0,0,66,-20,-20,-130,1,-54,-54,-68,360,360,1072,1056,752,-29991,1678,718,6319,6591,5465,5289,1686,1159,1670,878,911,894,787,396,387,0,667,605,483,14,27,0,0,0,0,0,0,0,0,0,0,0,0,0,0,0,0,0,0,0,0,0,0,0,0,0,0,0,0,0,0,0,0,0,0,0,0,0,0,0,0,0,0,0,0,0,0,0,0,0,0,0,0,0,0,0,0,0,0,0,0,0,0,0,0,0,0,0,0,0]} 1. e4 e6 2. d4 d5 3. Nc3 Bb4 4. e5 c5 5. a3 Bxc3+ 6. bxc3 Ne7 7. Qg4 Qc7 8. Qxg7 Rg8 9. Qxh7 cxd4 10. Ne2 Nbc6 11. f4 dxc3 12. Qd3 Bd7 13. Nxc3 a6 14. h4 {[%cal Bh2h4,Bh4h5,Bh5h6,Bh6h7][%mdl 32]} Nf5 15. Rh3 O-O-O 16. Rb1 Na5 17. h5 Nc4 18. h6 {Black must now prevent h7. C18: French: 3 Nc3 Bb4: Main line: 7 h4 and 7 Qg4} Rg6 19. h7 Rh8 20. Rb4 (20. Ne2 Bb5 21. Nd4 Nxe5 22. Qd1 Bxf1 23. Kxf1 Qc4+ 24. Ne2 Qe4 25. Rbb3 Qxg2+ {0-1 (78) Karjakin,S (2727)-Grischuk,A (2728) Moscow 2008}) 20... a5 $146 {[%mdl 1024] Black has compensation.} ({Predecessor:} 20... Rg7 21. Ne2 Qc5 22. Rb3 Bb5 23. Qc3 Rgxh7 24. Rxh7 Rxh7 25. g4 Rh2 {0-1 (34) Zherebukh,Y (2565)-Krishna,C (2296) New Delhi 2011}) 21. Rb3 Qc5 (21... Kb8 $11) 22. a4 ({Better is} 22. Nd1 $14) 22... Rg7 $11 23. Nb5 (23. g4 $11 {keeps the balance.} Rxg4 24. Ne4 dxe4 25. Qxe4 Qxe5 26. Qxe5 Nxe5 27. fxe5) 23... Qg1 (23... Rgxh7 $17 24. Rxh7 Rxh7) 24. Rc3 ({White should play} 24. g4 $11 Qxg4 25. Nd4) 24... Bxb5 $15 25. axb5 Rhxh7 $2 {[%mdl 8192] [#]} (25... Rgxh7 $15 {stays ahead.} 26. Be3 Nfxe3 $1 {[%mdl 512]} 27. Qxe3 Qxe3+ 28. Rhxe3 Rh1) 26. Rxc4+ $1 $18 dxc4 $2 (26... Kb8) 27. Qxc4+ Kb8 28. Qc8+ $4 {[%mdl 8192]} (28. Rc3 $18 Rg3 29. Qc7+ Ka7 30. Qxa5+ Kb8 31. Qd8+ Ka7 32. Rc4) 28... Ka7 $4 {[%mdl 8192]} (28... Kxc8 {and life is good for Black.} 29. Rc3+ Kb8 30. Ba3 Rh1 31. Bd6+ Nxd6 32. Rc8+ Nxc8 33. Kd2 Qxf1 34. c3 Qxg2+ 35. Ke3 Rh3+ 36. Kd4 Qd5#) 29. Be3+ (29. Ba3 $142 Rxh3 30. Bc5+ Qxc5 31. Qxc5+ b6 32. Qc7+ Ka8 33. gxh3) 29... Qxe3+ 30. Rxe3 Nxe3 31. Qc5+ b6 32. Qxe3 f5 33. Bc4 Rxg2 34. Qc3 Rc7 35. Qd3 Rh7 {aiming for ...Rh1+.} 36. Qc3 $2 (36. Qd4) 36... Rc7 $1 37. Kf1 Rh2 38. Qd3 $2 (38. Kg1 $18 Rhh7 39. Kf1) 38... Rch7 $1 $11 39. Bxe6 Rh1+ {The position is equal.} 40. Kf2 R7h2+ $1 41. Ke3 {Threatening mate with Qd7+.} Rh3+ 42. Kd4 Rxd3+ 43. cxd3 {[%mdl 4096] Endgame KR-KB} Rf1 {Hoping for ...a4.} 44. Ke3 a4 45. Bxf5 a3 46. Be6 Kb8 47. Ke4 Re1+ 48. Kd4 Rf1 49. Ke4 $1 Re1+ 50. Kd4 Kc7 51. f5 {[%cal Bf4f5,Bf5f6][%mdl 32]} Kd8 {Threatens to win with ...Re2.} 52. f6 Re2 {And now ...Ke8 would win.} 53. Bd5 Kd7 (53... Rf2 {keeps more tension.} 54. Ke4 Ke8 55. d4 Kf8 56. Bc4 Rc2) 54. e6+ Rxe6 (54... Kd6 $5 55. e7 $8 Kd7 56. Bc6+ Kd6 $11) 55. Bxe6+ Kxe6 56. Kc3 Kxf6 {KPP-KPP} (56... a2 $5 57. Kb2 $8 Kxf6 $11) 57. Kb3 Ke5 58. Kxa3 {KPP-KP} Kd4 59. Kb4 Kxd3 {KP-KP} 60. Kb3 Kd4 61. Kb4 Kd5 62. Kb3 Kc5 63. Kc3 Kxb5 {KP-K} 64. Kb3 Kc5 65. Kc3 b5 {[%cal Bb6b5,Bb5b4,Bb4b3,Bb3b2][%mdl 32]} 66. Kb3 b4 67. Ka2 Kc4 {Strongly threatening ...Kc3.} 68. Kb2 b3 69. Kb1 Kb5 (69... Kd3 $5) 70. Kb2 Kb4 (70... Ka4 $5) 71. Kb1 Ka3 {( -> ...b2)} 72. Ka1 b2+ 73. Kb1 Kb3 $2 {[%mdl 8192] Precision: White = 42%, Black = 64%.} (73... Kb4 74. Kxb2) 1/2-1/2

[Event "38th IND-chT 2018"]
[Site "Patia"]
[Date "2018.02.08"]
[Round "1"]
[White "Johnson, Sahoo"]
[Black "Swapnil, S  Dhopade"]
[Result "0-1"]
[WhiteElo "1822"]
[BlackElo "2531"]
[Annotator "TA"]
[PlyCount "82"]
[EventDate "2018.??.??"]
[EventType "team-tourn"]
[EventCountry "IND"]
[SourceTitle "playchess.com"]
[Source "ChessBase"]
[SourceQuality "1"]

{[%evp 23,82,6,13,14,26,12,28,20,14,-7,-6,-7,-6,-21,-31,-45,-45,-45,-45,-45,-45,-45,-45,-45,-45,-60,0,-45,-45,-45,-45,-93,0,-48,-19,-45,-45,-45,-8,-45,-20,-20,-20,-136,-136,-136,-136,-237,-267,-268,-261,-252,-243,-243,-244,-247,-229,-279,-279,-277,-264]} 1. e4 c6 2. d4 d5 3. exd5 cxd5 4. Bd3 Nc6 5. c3 Nf6 6. h3 g6 7. Nf3 Bf5 8. O-O Bxd3 {B13: Caro-Kann: Exchange Variation and Panov-Botvinnik Attack} 9. Qxd3 Bg7 (9... e6 10. Bf4 Bd6 11. Bh6 Bf8 12. Qe3 Bxh6 13. Qxh6 Ng8 14. Qf4 Qf6 15. Qh2 Nge7 16. Nbd2 {0-1 (41) Zvjaginsev,V (2679)-Fridman,D (2594) Caleta 2017}) 10. Bf4 O-O 11. Nbd2 a6 12. Rfe1 e6 {LiveBook: 3 Games} 13. Ne5 Nd7 14. Ndf3 Rc8 15. Nxd7 $146 (15. Ng4 {feels hotter.} Kh8 16. Rab1 Nf6 17. Nxf6 Bxf6 18. Qd2) ({Predecessor:} 15. h4 Ndxe5 16. dxe5 h5 17. Rad1 Qc7 18. Qe3 Ne7 19. Nd4 Nc6 20. Nf3 Ne7 21. Nd4 Nc6 22. Qe2 Qb6 23. Nb3 Na5 24. Nd4 Nc6 25. Nb3 Na5 26. Nd4 {½-½ (26) Jurcik,M (2479)-Velicka,P (2446) Vysna Boca 2017}) 15... Qxd7 16. Ne5 Nxe5 17. Bxe5 b5 18. Bxg7 Kxg7 19. a4 bxa4 20. Qxa6 Rc4 21. Ra2 Rb8 22. Rea1 Qc7 23. g3 $1 Rb6 24. Qa8 Rb8 25. Qa6 h5 26. h4 Rb6 27. Qa8 Rb8 28. Qa6 Qc6 29. Qa7 Rb7 $36 {[%mdl 2048] Black is more active.} 30. Qa5 $1 Rb5 31. Qa7 Qc7 (31... Qd6 {is interesting.} 32. Rc1 Rb3 33. Kg2 a3 34. Rxa3 Rxb2 35. Re1 Rc2) 32. Qxc7 Rxc7 33. Rxa4 (33. Rc1 $11) 33... Rxb2 $11 {[%mdl 4096] Endgame KRR-KRR} 34. Rc1 Rd2 $1 35. Ra3 {[#]} (35. Raa1 $17 {keeps fighting.}) 35... Rxd4 $1 $19 {[%mdl 512]} 36. cxd4 Rxc1+ {KR-KR} 37. Kg2 {[#]} Rd1 $1 38. Ra4 Kf6 39. Kf3 {[#]} Re1 $1 40. Ra6 Re4 41. Ra4 Kg7 {Precision: White = 37%, Black = 63%.} 0-1

[Event "38th IND-chT 2018"]
[Site "Patia"]
[Date "2018.02.08"]
[Round "1"]
[White "Dave Sneh"]
[Black "Gopal G.N."]
[Result "0-1"]
[WhiteElo "1819"]
[BlackElo "2593"]
[Annotator "TA"]
[PlyCount "80"]
[EventDate "2018.??.??"]
[EventType "team-tourn"]
[EventCountry "IND"]
[SourceTitle "playchess.com"]
[Source "ChessBase"]
[SourceQuality "1"]

{[%evp 17,80,-14,-21,-7,3,-115,-128,-118,-133,-120,-77,-107,-107,-111,-90,-139,-126,-152,-125,-123,-123,-127,-127,-124,-122,-133,-121,-136,-136,-156,-152,-164,-163,-188,-174,-151,0,-183,-145,-131,-128,-149,-151,-157,-154,-144,-145,-234,-229,-228,-227,-281,-274,-385,-376,-615,-620,-659,-699,-685,-589,-829,-827,-1592,-1524]} 1. d4 Nf6 2. c4 g6 3. Nc3 d5 4. Bg5 Ne4 5. Bh4 Nxc3 6. bxc3 dxc4 7. e3 Be6 8. Be2 {D80: Grünfeld: Unusual White 4th moves and 4 Bg5} (8. Nf3 Bg7 9. Qb1 Qd5 10. Be2 Bf5 11. Qb4 c5 12. Qb5+ Bd7 13. Qxc4 Bc6 14. Qb3 e6 15. c4 Qd7 16. Ne5 Qc7 17. O-O {½-½ (124) Wei,Y (2743)-Svidler,P (2768) Wijk aan Zee 2018}) 8... Nd7 9. d5 Bf5 {LiveBook: 3 Games} 10. Qd4 {The position is equal.} Rg8 $1 {And now ...b5 would win.} 11. Bxc4 $146 (11. Rd1 $11) ({Predecessor:} 11. Qxc4 Nb6 12. Qb5+ Qd7 13. Nf3 Bg7 14. Nd4 Qxb5 15. Bxb5+ Kf8 16. Nxf5 gxf5 {0-1 (62) Benidze,D (2480)-Savchenko,B (2602) Canakkale 2016}) 11... Bg7 $17 12. Qd2 Nb6 13. Bb3 Be4 14. f3 Bxd5 15. Ne2 Qd7 16. O-O O-O-O 17. Rfd1 Bxb3 18. Qxd7+ Rxd7 19. Rxd7 Nxd7 ({Much less strong is} 19... Kxd7 20. axb3 Nd5 21. Rd1 $15) 20. axb3 a6 21. Kf2 e6 22. Rd1 Nc5 23. b4 Na4 24. Rd3 b5 25. Nd4 Kb7 26. Ne2 Kc8 27. Nd4 $1 Nb2 28. Rd2 Nc4 $36 {[%mdl 2048] Keeping White busy.} 29. Rd1 Kb7 30. Ne2 Kc6 31. Nd4+ Bxd4 32. Rxd4 {[%mdl 4096] Endgame KRB-KRN} (32. exd4 $17 a5 33. bxa5) 32... a5 33. bxa5 Ra8 ({But not} 33... Nxa5 34. Rd8 $17) 34. Be7 Rxa5 {White must now prevent ...Ra2+.} 35. Rd8 (35. Rd3 $142) 35... Ra2+ $19 36. Kg3 $2 {[#]} (36. Ke1) 36... Nxe3 {Black is clearly winning.} 37. Bb4 Rxg2+ 38. Kh3 Re2 39. Rf8 f5 40. Rf6 Nd5 {Precision: White = 31%, Black = 73%.} 0-1

[Event "38th IND-chT 2018"]
[Site "Patia"]
[Date "2018.02.08"]
[Round "1"]
[White "Raghvendra Kumar Mishra"]
[Black "Rajesh, V A V"]
[Result "0-1"]
[WhiteElo "1699"]
[BlackElo "2315"]
[Annotator "TA"]
[PlyCount "74"]
[EventDate "2018.??.??"]
[EventType "team-tourn"]
[EventCountry "IND"]
[SourceTitle "playchess.com"]
[Source "ChessBase"]
[SourceQuality "1"]

{[%evp 15,74,26,35,22,36,19,9,-22,-7,-19,0,-15,-11,-10,2,-12,-4,-66,-68,-77,-67,-66,-59,-66,-63,-75,-75,-73,-74,-126,-142,-126,-133,-129,-139,-157,-149,-163,-166,-148,-148,-163,-157,-157,-153,-195,-203,-302,-283,-454,-454,-454,-454,-454,-446,-446,-446,-439,-438,-500,-490]} 1. e4 e5 2. Nf3 Nc6 3. d4 exd4 4. Bc4 Nf6 5. O-O d6 6. Nxd4 Be7 7. Nc3 O-O 8. Re1 Ne5 {LiveBook: 11 Games} 9. Be2 {C50: Hungarian Defence and Giuoco Pianissimo} (9. Bf1 Bg4 10. f3 c5 11. Nb3 Be6 12. Be3 Qb6 13. h3 Rad8 14. f4 Nc4 15. Bxc4 Bxc4 16. Qf3 Ne8 {½-½ (93) Hajnal,Z (2349)-Sandipan,C (2628) Lugano 2013}) 9... Re8 10. f4 Ng6 11. f5 $146 {The position is equal.} ({Find the theoretical novelty and annotate with similar games:} 11. g3 d5 12. e5 Ne4 13. Nxe4 dxe4 14. Be3 Bc5 15. Nf5 Bb4 16. c3 Bxc3 17. Nxg7 Kxg7 18. bxc3 Qxd1 19. Rexd1 {1-0 (43) Kaeser,U (2380)-Reinke,M (2209) NRW 2001}) 11... Ne5 12. Nf3 Bd7 13. Bf4 Nxf3+ 14. Bxf3 Bc6 15. Qd2 Nd7 16. g4 (16. Nd5 $11) 16... Bh4 $15 17. Rf1 Nc5 {[%cal Rc5e4]} 18. Qg2 Bf6 {...Bd4+ is the strong threat.} 19. Rae1 h6 20. Bg3 Bd4+ 21. Kh1 Qf6 22. h4 ({Better is} 22. e5 dxe5 23. Bxc6 Qxc6 24. Qxc6 bxc6 25. Nd1) 22... Bxc3 $17 23. bxc3 Qxc3 24. g5 hxg5 25. hxg5 {[#]} Nxe4 $1 {[%mdl 512]} 26. Bxe4 (26. Rxe4 Bxe4) 26... Rxe4 27. Rxe4 Bxe4 28. Qxe4 Qxg3 {[%mdl 4096] Endgame KQR-KQR} 29. g6 Rf8 30. gxf7+ Rxf7 {White must now prevent ...Rf6.} 31. Qe8+ (31. Rf3 $142 Qe5 32. Qxb7) 31... Rf8 $19 32. Qh5 $2 (32. Qe6+ Kh8 33. Qb3 Qh4+ 34. Kg2 Qg4+ 35. Kh2) 32... Rf6 {Black is clearly winning.} 33. Rg1 Rh6 {[%cal Rh6h5] [#]} 34. Rxg3 {Intending Qxh6 and mate.} Rxh5+ 35. Kg2 Rxf5 36. Re3 Re5 37. Rf3 Re2+ {Precision: White = 29%, Black = 90%.} 0-1